BBC Sherlock Characters Quiz Stats

 Plays Quiz Updated Jan 12, 2014

Support Sporcle.
Go Orange.
Score 0/12 Timer 04:00
5 Plays Today
Image Character % Correct
1Sherlock Holmes
99.9%
2Dr John Watson
99%
7James 'Jim' Moriarty
90.6%
9Mycroft Holmes
89.9%
3Detective Inspector Greg Lestrade
84.6%
4Molly Hooper
84.4%
8Mrs Hudson
81%
11Irene Adler
76.9%
5Philip Anderson
69.2%
6Sergeant Sally Donovan
50.1%
10Sarah Sawyer
36.5%
12Anthea
25.1%

You're not logged in!

Compare scores with friends on all Sporcle quizzes.
OR
Log In

From the Vault

Breaking Video Game News!

by bhenderson79

Pixelated mayhem grips the nation - film at 11:00!
Remove Ads.
Support Sporcle.
Get the best of Sporcle when you Go Orange. This ad-free experience offers more features, more stats, and more fun while also helping to support Sporcle. Thank you for becoming a member.

Show Comments

Extras

Top Quizzes Today


Score Distribution

Your Account Isn't Verified!

In order to create a playlist on Sporcle, you need to verify the email address you used during registration. Go to your Sporcle Settings to finish the process.

Report this User

Report this user for behavior that violates our Community Guidelines.

Details: